Build the National Monument by Guessing Cities #3 - Statistics

General Stats
  • This quiz has been taken 884 times
  • The average score is 8 of 15
Answers on the Map
Answers color-coded by a green-red scale on the quiz's map according to % correct below.
 
Answer Stats
Clue Answer % Correct
Capital of Japan & most populous city Tokyo
100%
Cities bombed by an atomic bomb in WWII. Hiroshima
91%
Cities bombed by an atomic bomb in WWII. Nagasaki
89%
Second most populous japanese city (urban population) Osaka
83%
Remove ''Bryant'', and get the answer. Also, is a really delicious beef! Kobe
77%
Famous for it's tofu; Cultural capital of Japan. Kyoto
71%
Capital of Hokkaido Sapporo
64%
Second most populous japanese city (city proper) Yokohama
52%
Largest economic center in central Japan Nagoya
48%
Japanese oldest nearest city to the China and the Korean peninsula Fukuoka
31%
Capital of Okinawa Naha
26%
First capital of Japan Nara
17%
Known as ''City of Trees''. You can find here the Aoba Castle, Zuihōden Temple, Rinnoji Temple... Sendai
17%
It has the longest monorail in the world, and the first Japanese artificial beach. Chiba
10%
Home to Mount Fuji, famous for sea food. Shizuoka
10%
No matching quizzes found
Score Distribution
Percent of People with Each Score
Percentile by Number Answered
Your Score History
You have not taken this quiz